000 01128nam a2200277 4500
003 OSt
005 20260530113858.0
008 260421b1996 mx a|||| |||| 00| 0 spa d
040 _aICI
_bspa
_cICI
041 _aspa
050 _aNA4244.M36
_bP35 1996
245 1 0 _aPalacio Nacional de la Cultura
_bReconstrucción e Historia • Nicaragua
264 1 _aManagua, Nicaragua :
_bGobierno de Nicaragua,
_c1996
300 _a74 páginas
_bilustraciones
336 _atexto
_2rdacontent
337 _asin medio
_2rdamedia
338 _avolumen
_2rdacarrier
520 _aObra que aborda la historia, reconstrucción y valor patrimonial del Palacio Nacional de la Cultura en Nicaragua.
610 _aPalacio Nacional de la Cultura (Managua, Nicaragua)
_932007
650 4 _aEdificios públicos
_xConservación y restauración
_zNicaragua
_zManagua
_932008
650 4 _aArquitectura histórica
_zNicaragua
_932009
650 4 _aPatrimonio cultural
_zNicaragua.
_932010
650 4 _aRestauración arquitectónica
_zNicaragua.
_932011
651 _aManagua (Nicaragua)
_x Construcciones, estructuras, etc.
_932012
942 _2lcc
_cBK
_n1
999 _c11708
_d11708